[Event "Budapest FS07 FM"]
[Site "Budapest"]
[Date "2023.07.07"]
[Round "6"]
[White "Csiba, Tibor"]
[Black "Nemeth, Otto"]
[Result "1-0"]
[WhiteElo "1580"]
[BlackElo "1430"]
[PlyCount "39"]
[EventDate "2023.07.01"]
[EventType "tourn"]
[EventRounds "10"]
[EventCountry "HUN"]
[SourceTitle "EXT 2024"]
[Source "ChessBase"]
[SourceDate "2023.10.10"]
[SourceVersion "1"]
[SourceVersionDate "2023.10.10"]
[SourceQuality "1"]

1. d4 f5 2. Bg5 h6 3. Bh4 g5 4. Bg3 f4 5. e3 e5 6. Qh5+ Ke7 7. exf4 Nf6 8. Qe2 d6 9. fxe5 Bg4 10. f3 Bxf3 11. Nxf3 Kf7 12. exf6 Qxf6 13. Qc4+ Kg6 14. Bd3+ Kg7 15. Qxc7+ Qf7 16. Bxd6 Bxd6 17. Qxd6 Re8+ 18. Kd2 Re6 19. Qg3 Nc6 20. d5 1-0

[Event "Budapest FS07 FM"]
[Site "Budapest"]
[Date "2023.07.04"]
[Round "4"]
[White "Hradeczky, Tamas"]
[Black "Nemeth, Otto"]
[Result "1-0"]
[WhiteElo "1775"]
[BlackElo "1430"]
[PlyCount "29"]
[EventDate "2023.07.01"]
[EventType "tourn"]
[EventRounds "10"]
[EventCountry "HUN"]
[SourceTitle "EXT 2024"]
[Source "ChessBase"]
[SourceDate "2023.10.10"]
[SourceVersion "1"]
[SourceVersionDate "2023.10.10"]
[SourceQuality "1"]

1. d4 f5 2. g3 Nf6 3. Bg2 c6 4. c4 d5 5. Nc3 e6 6. Nf3 Nbd7 7. Qc2 Bb4 8. 0-0 h6 9. cxd5 cxd5 10. Nb5 0-0 11. Nc7 Rb8 12. Nxe6 Qe7 13. Nxf8 Kxf8 14. Bf4 Bd6 15. Nh4 1-0

[Event "Budapest FS05 FM"]
[Site "Budapest"]
[Date "2023.05.13"]
[Round "7"]
[White "Nemeth, Otto"]
[Black "Mayer, Istvan"]
[Result "0-1"]
[WhiteElo "1412"]
[BlackElo "1781"]
[PlyCount "50"]
[EventDate "2023.05.06"]
[EventType "tourn"]
[EventRounds "9"]
[EventCountry "HUN"]
[SourceTitle "CBM 214 Extra"]
[Source "ChessBase"]
[SourceDate "2023.07.31"]
[SourceVersion "1"]
[SourceVersionDate "2023.07.31"]
[SourceQuality "1"]

1. e4 c5 2. Bc4 Nc6 3. Nc3 Nf6 4. d3 e6 5. Bg5 Be7 6. f4 d5 7. Bb5 d4 8. Nce2 Qa5+ 9. Nc3 dxc3 10. Bxc6+ bxc6 11. b3 Qc7 12. Bxf6 gxf6 13. g3 h5 14. Nf3 Qb6 15. Rg1 Bb7 16. Kf1 Rd8 17. Qe1 Qa5 18. Rg2 Kd7 19. Ng1 f5 20. Ne2 c4 21. Qxc3 Qxc3 22. Nxc3 cxd3 23. cxd3 Ba6 24. Rd1 Bb4 25. Nb1 fxe4 0-1

[Event "Budapest FS05 FM"]
[Site "Budapest"]
[Date "2023.05.10"]
[Round "5"]
[White "Nemeth, Otto"]
[Black "Szlenka, Attila"]
[Result "1-0"]
[WhiteElo "1412"]
[BlackElo "1518"]
[PlyCount "53"]
[EventDate "2023.05.06"]
[EventType "tourn"]
[EventRounds "9"]
[EventCountry "HUN"]
[SourceTitle "CBM 214 Extra"]
[Source "ChessBase"]
[SourceDate "2023.07.31"]
[SourceVersion "1"]
[SourceVersionDate "2023.07.31"]
[SourceQuality "1"]

1. e4 Nf6 2. Nc3 d6 3. Nf3 g6 4. Bc4 Bg7 5. d4 0-0 6. h3 Nbd7 7. Be3 c6 8. Qd2 b5 9. Bd3 Re8 10. a3 Bb7 11. b4 a6 12. g4 e5 13. Ne2 a5 14. bxa5 Qxa5 15. Qxa5 Rxa5 16. Bd2 Ra4 17. Bb4 Bf8 18. Nc3 Ra7 19. dxe5 dxe5 20. Bxf8 Kxf8 21. Kd2 Rea8 22. Nb1 b4 23. Ra2 h5 24. g5 Ne8 25. h4 Nd6 26. Ke2 c5 27. Nfd2 1-0

[Event "Budapest FS05 FM"]
[Site "Budapest"]
[Date "2023.05.08"]
[Round "3"]
[White "Nemeth, Otto"]
[Black "Hradeczky, Tamas"]
[Result "1/2-1/2"]
[WhiteElo "1412"]
[BlackElo "1825"]
[PlyCount "91"]
[EventDate "2023.05.06"]
[EventType "tourn"]
[EventRounds "9"]
[EventCountry "HUN"]
[SourceTitle "CBM 214 Extra"]
[Source "ChessBase"]
[SourceDate "2023.07.31"]
[SourceVersion "1"]
[SourceVersionDate "2023.07.31"]
[SourceQuality "1"]

1. e4 c5 2. Bc4 e6 3. Nc3 a6 4. a4 Nc6 5. Nf3 d6 6. d3 Nf6 7. Bg5 h6 8. Bh4 Be7 9. Bg3 d5 10. exd5 exd5 11. Bb3 Be6 12. Ne5 Nd4 13. Ba2 Nf5 14. Ne2 Bd6 15. Nf3 0-0 16. Bxd6 Qxd6 17. Ng3 Rfe8 18. 0-0 Nxg3 19. fxg3 Ng4 20. Re1 d4 21. Bxe6 Rxe6 22. Rxe6 Qxe6 23. Qd2 Ne3 24. Re1 Re8 25. h3 b5 26. axb5 axb5 27. Kf2 Qd6 28. c3 Rd8 29. cxd4 Nf5 30. Qf4 Qxf4 31. gxf4 Nxd4 32. Nxd4 Rxd4 33. Ke3 Rb4 34. Re2 c4 35. dxc4 bxc4 36. g3 Rb3+ 37. Kf2 f5 38. Rc2 Rb4 39. Kg2 Kf7 40. Kh2 Kg6 41. h4 Kh5 42. Kh3 g5 43. hxg5 hxg5 44. fxg5 Kxg5 45. Rf2 Rb3 46. Rf4 1/2-1/2

[Event "Budapest FS05 FM"]
[Site "Budapest"]
[Date "2023.05.06"]
[Round "1"]
[White "Nemeth, Otto"]
[Black "Mayer, Istvan"]
[Result "1/2-1/2"]
[WhiteElo "1412"]
[BlackElo "1781"]
[PlyCount "35"]
[EventDate "2023.05.06"]
[EventType "tourn"]
[EventRounds "9"]
[EventCountry "HUN"]
[SourceTitle "CBM 214 Extra"]
[Source "ChessBase"]
[SourceDate "2023.07.31"]
[SourceVersion "1"]
[SourceVersionDate "2023.07.31"]
[SourceQuality "1"]

1. e4 c5 2. Nc3 Nc6 3. Bc4 Ne5 4. Be2 d6 5. f4 Nc6 6. Nf3 Nf6 7. d3 g6 8. h3 Bg7 9. Bd2 Nd4 10. Nxd4 cxd4 11. Nd5 Nd7 12. a3 e6 13. Nb4 a5 14. Na2 Qh4+ 15. Kf1 0-0 16. Qe1 Qe7 17. Bg4 f5 18. Bf3 1/2-1/2

[Event "Budapest FS02 FM"]
[Site "Budapest"]
[Date "2022.02.07"]
[Round "3"]
[White "Gruz, Janos"]
[Black "Nemeth, Otto"]
[Result "1/2-1/2"]
[WhiteElo "1532"]
[BlackElo "1456"]
[PlyCount "63"]
[EventDate "2022.02.05"]
[EventType "tourn"]
[EventRounds "10"]
[EventCountry "HUN"]
[SourceTitle "EXT 2023"]
[Source "ChessBase"]
[SourceDate "2022.10.05"]
[SourceVersion "1"]
[SourceVersionDate "2022.10.05"]
[SourceQuality "1"]

1. d4 d5 2. Nf3 Nf6 3. Bg5 e6 4. e3 Be7 5. Bd3 0-0 6. 0-0 c6 7. c3 Qb6 8. Qb3 Qxb3 9. axb3 a6 10. Nbd2 Nbd7 11. h3 h6 12. Bf4 Re8 13. Ne5 Nxe5 14. Bxe5 Bd7 15. Bxf6 Bxf6 16. f4 Rac8 17. Kf2 c5 18. dxc5 Rxc5 19. b4 Rc7 20. Nb3 Bc6 21. Na5 g5 22. f5 e5 23. Nxc6 Rxc6 24. e4 dxe4 25. Bxe4 Rc7 26. g4 Kg7 27. Rad1 Be7 28. Rd5 f6 29. Kg3 Rd8 30. Rxd8 Bxd8 31. Rd1 Be7 32. Bf3 1/2-1/2

[Event "Budapest FS12 FM"]
[Site "Budapest"]
[Date "2021.12.13"]
[Round "9"]
[White "Neilooday, Raj"]
[Black "Nemeth, Otto"]
[Result "0-1"]
[WhiteElo "1170"]
[BlackElo "1408"]
[PlyCount "70"]
[EventDate "2021.12.04"]
[EventType "tourn"]
[EventRounds "10"]
[EventCountry "HUN"]
[SourceTitle "CBM 205 Extra"]
[Source "ChessBase"]
[SourceDate "2022.01.31"]
[SourceVersion "1"]
[SourceVersionDate "2022.01.31"]
[SourceQuality "1"]

1. e4 c5 2. Nf3 Nc6 3. d4 cxd4 4. Nxd4 Nf6 5. Nc3 e5 6. Ndb5 d6 7. Bg5 Be7 8. Bxf6 gxf6 9. Nd5 Rb8 10. Nbc7+ Kf8 11. Nxe7 Qxe7 12. Nd5 Qd8 13. Qf3 Nd4 14. Qd3 Bd7 15. c3 Bb5 16. Qd2 Bxf1 17. Rxf1 h5 18. cxd4 Rc8 19. Nc3 Qa5 20. dxe5 dxe5 21. Qd6+ Kg7 22. Qa3 Qxa3 23. bxa3 Rxc3 24. Rb1 Rxa3 25. Rxb7 Rxa2 26. h3 Rc8 27. Rb1 Rc4 28. f3 Rxg2 29. h4 a5 30. Ra1 a4 31. Kd1 Kf8 32. Rb1 Ke7 33. Rb6 a3 34. Ra6 Ra2 35. Ke1 Rc1# 0-1

[Event "Budapest FS12 FM"]
[Site "Budapest"]
[Date "2021.12.08"]
[Round "5"]
[White "Gruz, Janos"]
[Black "Nemeth, Otto"]
[Result "1/2-1/2"]
[WhiteElo "1558"]
[BlackElo "1408"]
[PlyCount "30"]
[EventDate "2021.12.04"]
[EventType "tourn"]
[EventRounds "10"]
[EventCountry "HUN"]
[SourceTitle "CBM 205 Extra"]
[Source "ChessBase"]
[SourceDate "2022.01.31"]
[SourceVersion "1"]
[SourceVersionDate "2022.01.31"]
[SourceQuality "1"]

1. d4 d5 2. Nf3 Nc6 3. Bf4 Nf6 4. e3 e6 5. Bb5 Bd7 6. a3 h6 7. Nc3 a6 8. Ba4 Be7 9. 0-0 0-0 10. h3 Ne4 11. Nxe4 dxe4 12. Nd2 f5 13. c4 g5 14. Bh2 Bf6 15. Bb3 b5 1/2-1/2

[Event "First Saturday FM October 2021"]
[Site "Budapest"]
[Date "2021.10.10"]
[Round "8"]
[White "Zsatkovics, Endre"]
[Black "Nemeth, Otto"]
[Result "1-0"]
[WhiteElo "1567"]
[BlackElo "1501"]
[PlyCount "118"]
[EventDate "2021.10.02"]
[EventType "tourn"]
[EventRounds "10"]
[EventCountry "HUN"]
[SourceTitle "EXT 2023"]
[Source "ChessBase"]
[SourceDate "2022.10.05"]
[SourceVersion "1"]
[SourceVersionDate "2022.10.05"]
[SourceQuality "1"]

1. e4 c5 2. Nf3 Nc6 3. d4 cxd4 4. Nxd4 d6 5. Nc3 g6 6. Be3 Bg7 7. Bc4 e6 8. Bb3 Nge7 9. Ndb5 0-0 10. Qxd6 Bxc3+ 11. bxc3 Qa5 12. Qc5 b6 13. Qc4 Ba6 14. Ba4 Rac8 15. Qb3 Ne5 16. Bd4 N7c6 17. 0-0-0 Rfd8 18. Bxe5 Rxd1+ 19. Rxd1 Nxe5 20. Qb4 Qxb4 21. cxb4 Bxb5 22. Bxb5 Ra8 23. h3 a6 24. Ba4 Kf8 25. Rd4 b5 26. Bb3 Nc6 27. Rd6 Rc8 28. a3 Ke7 29. Rd3 a5 30. bxa5 Nxa5 31. Kb2 Rb8 32. Rc3 Kd6 33. Rf3 f5 34. exf5 gxf5 35. Rd3+ Ke7 36. Re3 Rb6 37. Kc3 Kf6 38. Kb4 Nb7 39. Rc3 h5 40. Rc7 f4 41. g4 fxg3 42. fxg3 Kf5 43. Rf7+ Ke4 44. Rf6 Ke5 45. Rh6 Nd8 46. Rxh5+ Ke4 47. Ka5 Rb8 48. Rxb5 Ra8+ 49. Kb6 Rb8+ 50. Kc5 Rc8+ 51. Kd6 Nc6 52. Bxe6 Nd4 53. Bxc8 Nxb5+ 54. Kc5 Nxa3 55. c4 Ke5 56. g4 Kf6 57. h4 Nc2 58. Kd6 Nd4 59. Bd7 Nf3 1-0

[Event "First Saturday FM October 2021"]
[Site "Budapest"]
[Date "2021.10.04"]
[Round "3"]
[White "Nemeth, Otto"]
[Black "Zsatkovics, Endre"]
[Result "1/2-1/2"]
[WhiteElo "1501"]
[BlackElo "1567"]
[PlyCount "91"]
[EventDate "2021.10.02"]
[EventType "tourn"]
[EventRounds "10"]
[EventCountry "HUN"]
[SourceTitle "EXT 2023"]
[Source "ChessBase"]
[SourceDate "2022.10.05"]
[SourceVersion "1"]
[SourceVersionDate "2022.10.05"]
[SourceQuality "1"]

1. e4 e5 2. Nf3 Nc6 3. Nc3 Nf6 4. d4 exd4 5. Nxd4 Nxd4 6. Qxd4 d6 7. Bg5 c6 8. Bxf6 Qxf6 9. Qxf6 gxf6 10. 0-0-0 f5 11. exf5 Bxf5 12. Bd3 Be6 13. Rhe1 Bh6+ 14. Kb1 0-0-0 15. g3 d5 16. f4 Bg4 17. Be2 Bh3 18. Bd3 Rd7 19. Rd2 Bg4 20. h3 d4 21. hxg4 dxc3 22. bxc3 Kc7 23. Rde2 Bg7 24. Kb2 b5 25. Bf5 b4 26. Re7 Bxc3+ 27. Kb3 Bxe1 28. Rxd7+ Kb6 29. Rd3 h5 30. gxh5 Rxh5 31. g4 Rh8 32. Rd4 Rh3+ 33. Rd3 Rxd3+ 34. Bxd3 Kc5 35. Bc4 Bg3 36. f5 f6 37. c3 bxc3 38. Kxc3 Be5+ 39. Kd3 Kb4 40. Bb3 a5 41. Ke4 Bb2 42. Kd3 Kc5 43. Bc4 Bc1 44. Bb3 Kb4 45. Kc2 Bf4 46. Kd3 1/2-1/2

[Event "Budapest FS09 FM"]
[Site "Budapest"]
[Date "2021.09.08"]
[Round "5"]
[White "Nemeth, Otto"]
[Black "Szakmary, Domonkos"]
[Result "0-1"]
[WhiteElo "1494"]
[BlackElo "1692"]
[PlyCount "120"]
[EventDate "2021.09.04"]
[EventType "tourn"]
[EventRounds "9"]
[EventCountry "HUN"]
[SourceTitle "CBM 204 Extra"]
[Source "ChessBase"]
[SourceDate "2021.11.30"]
[SourceVersion "1"]
[SourceVersionDate "2021.11.30"]
[SourceQuality "1"]

1. e4 c5 2. Bc4 e6 3. Nc3 Nc6 4. a3 g6 5. d3 a6 6. Be3 b5 7. Bb3 Nd4 8. Nf3 Bg7 9. 0-0 Ne7 10. Bxd4 cxd4 11. Ne2 e5 12. Ng5 0-0 13. f4 d5 14. fxe5 Bxe5 15. Nf3 Bg7 16. exd5 Nxd5 17. Bxd5 Qxd5 18. Qe1 Re8 19. Qf2 Bh6 20. Kh1 Be3 21. Qh4 Bb7 22. Nexd4 Rad8 23. c3 Bxd4 24. Qxd4 Qc6 25. Qf4 Rxd3 26. Rf2 Rde3 27. h4 Re2 28. Raf1 R2e4 29. Qg5 f6 30. Qh6 Qc8 31. h5 Rg4 32. hxg6 Rxg6 33. Qf4 Re4 34. Qd2 Re8 35. Qf4 Kg7 36. Nh4 Re4 37. Nxg6 Rxf4 38. Nxf4 Qg4 39. Kg1 Be4 40. Re1 f5 41. Ne6+ Kg6 42. Nd4 h5 43. Nf3 Qg3 44. Re3 Qf4 45. Re1 Qg3 46. Rd1 h4 47. Kf1 Kf6 48. Rd8 h3 49. Rh8 hxg2+ 50. Kg1 Bxf3 51. Rh6+ Ke5 52. Rh2 Qf4 53. Rhxg2 Bxg2 54. Kxg2 Qg4+ 55. Kf1 Qd1+ 56. Kg2 f4 57. Kh2 f3 58. Kg3 Ke4 59. Kh2 Qe2 60. Kg3 Ke3 0-1

[Event "Budapest FS09 FM"]
[Site "Budapest"]
[Date "2021.09.06"]
[Round "3"]
[White "Nemeth, Otto"]
[Black "Tolgyesi, Tibor"]
[Result "0-1"]
[WhiteElo "1494"]
[BlackElo "1502"]
[PlyCount "70"]
[EventDate "2021.09.04"]
[EventType "tourn"]
[EventRounds "9"]
[EventCountry "HUN"]
[SourceTitle "CBM 204 Extra"]
[Source "ChessBase"]
[SourceDate "2021.11.30"]
[SourceVersion "1"]
[SourceVersionDate "2021.11.30"]
[SourceQuality "1"]

1. e4 e5 2. Nf3 d6 3. Bc4 Be7 4. Nc3 Nf6 5. d3 h6 6. Be3 0-0 7. h3 c6 8. Qd2 Kh7 9. g4 d5 10. g5 Nxe4 11. dxe4 dxc4 12. gxh6 Qxd2+ 13. Bxd2 g6 14. Nxe5 b5 15. a3 Bd6 16. Ng4 f5 17. e5 Be7 18. Ne3 Nd7 19. f4 Bh4+ 20. Ke2 Nc5 21. Ng2 Be7 22. Be3 Ne6 23. h4 a6 24. Rad1 a5 25. h5 g5 26. fxg5 f4 27. Nxf4 Nxf4+ 28. Bxf4 Rxf4 29. g6+ Kxh6 30. Rdf1 Bg5 31. Rfg1 Bg4+ 32. Ke1 Re8 33. g7 Rxe5+ 34. Ne2 Rxe2+ 35. Kd1 Rd4# 0-1

[Event "Budapest FS09 FM"]
[Site "Budapest"]
[Date "2021.09.04"]
[Round "1"]
[White "Gruz, Janos"]
[Black "Nemeth, Otto"]
[Result "1/2-1/2"]
[WhiteElo "1562"]
[BlackElo "1494"]
[PlyCount "39"]
[EventDate "2021.09.04"]
[EventType "tourn"]
[EventRounds "9"]
[EventCountry "HUN"]
[SourceTitle "CBM 204 Extra"]
[Source "ChessBase"]
[SourceDate "2021.11.30"]
[SourceVersion "1"]
[SourceVersionDate "2021.11.30"]
[SourceQuality "1"]

1. d4 d5 2. Nf3 Nf6 3. e3 e6 4. Bd3 Bd6 5. Nbd2 h6 6. 0-0 0-0 7. b3 a6 8. Bb2 b6 9. Rc1 c6 10. c4 Bb7 11. Qe2 Nbd7 12. Rfd1 Rc8 13. Bb1 b5 14. c5 Bb8 15. b4 g6 16. a3 Kg7 17. Ne5 Nxe5 18. dxe5 Nh7 19. e4 Qe7 20. f4 1/2-1/2

[Event "Budapest FS11 FM"]
[Site "Budapest"]
[Date "2020.11.09"]
[Round "3"]
[White "Szurkos, Andras"]
[Black "Nemeth, Otto"]
[Result "1-0"]
[WhiteElo "1612"]
[BlackElo "1554"]
[PlyCount "133"]
[EventDate "2020.11.07"]
[EventType "tourn"]
[EventRounds "10"]
[EventCountry "HUN"]
[SourceTitle "CBM 199 Extra"]
[Source "ChessBase"]
[SourceDate "2021.01.31"]
[SourceVersion "1"]
[SourceVersionDate "2021.01.31"]
[SourceQuality "1"]

1. e4 c6 2. d4 d5 3. Nc3 e6 4. Nf3 dxe4 5. Nxe4 Nf6 6. Bd3 Be7 7. 0-0 0-0 8. Qe2 h6 9. c3 Nbd7 10. Bf4 Nh5 11. Bg3 Nxg3 12. Nxg3 Nf6 13. b4 b5 14. Ne5 Bb7 15. Ne4 Nd5 16. Qd2 a5 17. a3 axb4 18. axb4 Qc7 19. Nc5 Rxa1 20. Rxa1 Bc8 21. c4 bxc4 22. Bxc4 Bd6 23. f4 Nf6 24. Ba6 Bxc5 25. bxc5 Rd8 26. Bxc8 Qxc8 27. h3 Qb7 28. Kh2 Qb3 29. Nxc6 Ne4 30. Qe2 Qg3+ 31. Kg1 Qc3 32. Rd1 Ng3 33. Qd2 Qxd2 34. Rxd2 Ra8 35. Rd1 Ne2+ 36. Kf2 Nxf4 37. Kf3 Nd5 38. Rb1 Ra3+ 39. Kf2 Kh7 40. Ne5 f6 41. Nf3 Ra2+ 42. Kg3 Ne3 43. Rg1 Rc2 44. h4 Rc4 45. Re1 Nf5+ 46. Kh3 Nxd4 47. Nxd4 Rxd4 48. Rc1 Rd7 49. Kg3 Kg6 50. Kf4 h5 51. c6 Rc7 52. Ke4 Kf7 53. Kd4 g5 54. Kc5 Ke7 55. Kb6 Kd8 56. Ra1 gxh4 57. Rd1+ Kc8 58. Rh1 e5 59. Rxh4 Re7 60. Rxh5 Re8 61. Rh7 e4 62. Ra7 Kb8 63. c7+ Kc8 64. Ra8+ Kd7 65. Rxe8 Kxe8 66. c8Q+ Ke7 67. Qb7+ 1-0

[Event "Budapest FS02 FM"]
[Site "Budapest"]
[Date "2017.02.06"]
[Round "3"]
[White "Havaskori, Laszlo"]
[Black "Nemeth, Otto"]
[Result "1/2-1/2"]
[WhiteElo "1902"]
[BlackElo "1522"]
[PlyCount "122"]
[EventDate "2017.02.04"]
[EventType "tourn"]
[EventRounds "9"]
[EventCountry "HUN"]
[SourceTitle "EXT 2018"]
[Source "ChessBase"]
[SourceDate "2017.10.13"]
[SourceVersion "1"]
[SourceVersionDate "2017.10.13"]
[SourceQuality "1"]

1. d4 Nf6 2. Nf3 d5 3. Bf4 Nc6 4. e3 a6 5. h3 Ne4 6. Nbd2 Nxd2 7. Qxd2 f6 8. 0-0-0 e6 9. Kb1 Bd6 10. Bxd6 Qxd6 11. c4 Bd7 12. Bd3 Qb4 13. a3 Qxd2 14. Rxd2 0-0-0 15. cxd5 exd5 16. Rc1 Na5 17. Rdc2 c6 18. b4 Nc4 19. Bxc4 dxc4 20. Rxc4 Be6 21. R4c3 Kb8 22. Kb2 Bd5 23. Ne1 Rhe8 24. f3 f5 25. Nc2 Re7 26. Re1 Rde8 27. Kc1 Re6 28. Kd2 b5 29. Re2 h5 30. h4 Rg6 31. Rf2 Kb7 32. Ne1 Bc4 33. Nd3 Bxd3 34. Kxd3 Kb6 35. Rc5 Rf6 36. Re2 g6 37. e4 fxe4+ 38. Rxe4 Rxe4 39. Kxe4 Re6+ 40. Re5 Rd6 41. g4 hxg4 42. fxg4 a5 43. h5 gxh5 44. gxh5 axb4 45. axb4 Rh6 46. d5 Rd6 47. dxc6 Rxc6 48. Kd5 Rc4 49. h6 Rxb4 50. Rh5 Rc4 51. Ke6 Rc8 52. h7 Rh8 53. Kd5 Ka5 54. Kc5 Rc8+ 55. Kd4 Rh8 56. Kc3 Ka4 57. Rh4+ Ka5 58. Kb3 Kb6 59. Kb4 Kc6 60. Rh6+ Kd7 61. Kxb5 Ke7 1/2-1/2

[Event "Budapest FS02 FM"]
[Site "Budapest"]
[Date "2017.02.05"]
[Round "2"]
[White "Nemeth, Otto"]
[Black "Bacsi, Andras"]
[Result "1-0"]
[WhiteElo "1522"]
[BlackElo "1732"]
[PlyCount "83"]
[EventDate "2017.02.04"]
[EventType "tourn"]
[EventRounds "9"]
[EventCountry "HUN"]
[SourceTitle "EXT 2018"]
[Source "ChessBase"]
[SourceDate "2017.10.13"]
[SourceVersion "1"]
[SourceVersionDate "2017.10.13"]
[SourceQuality "1"]

1. e4 c5 2. Nf3 e6 3. Nc3 a6 4. a4 Qc7 5. d3 d6 6. Be3 Nf6 7. h3 Be7 8. Be2 0-0 9. 0-0 Nc6 10. Qd2 b6 11. Nh2 Bb7 12. f4 e5 13. f5 Nd4 14. Bd1 d5 15. exd5 Nxd5 16. Nxd5 Bxd5 17. c3 Nb3 18. Bxb3 Bxb3 19. c4 Qc6 20. Ng4 f6 21. Ra3 Bxa4 22. b3 Bb5 23. cxb5 Qxb5 24. Qc3 Rad8 25. Qc4+ Kh8 26. Rxa6 Qc6 27. b4 Qd5 28. bxc5 Bxc5 29. Bxc5 bxc5 30. Nf2 Qxc4 31. dxc4 Rd4 32. Rc1 e4 33. Ng4 Re8 34. Rc6 h5 35. Ne3 Rd3 36. Re1 Re5 37. g4 hxg4 38. hxg4 Kh7 39. Kf2 Kh6 40. Kg3 Kg5 41. Rc7 g6 42. Rg7 1-0

[Event "Budapest FS08 FM-B"]
[Site "Budapest"]
[Date "2016.08.10"]
[Round "5"]
[White "Jabbar, Raheem B Alamir"]
[Black "Nemeth, Otto"]
[Result "1-0"]
[WhiteElo "1766"]
[BlackElo "1580"]
[PlyCount "73"]
[EventDate "2016.08.06"]
[EventType "tourn"]
[EventRounds "9"]
[EventCountry "HUN"]
[SourceTitle "EXT 2017"]
[Source "ChessBase"]
[SourceDate "2016.10.25"]
[SourceVersion "1"]
[SourceVersionDate "2016.10.25"]
[SourceQuality "1"]

1. d4 Nf6 2. Nf3 d5 3. g3 h6 4. Bg2 Bf5 5. 0-0 Nc6 6. c4 dxc4 7. Qa4 e6 8. Qxc4 Bd6 9. Nc3 a6 10. Re1 Bb4 11. a3 Bxc3 12. bxc3 0-0 13. Nd2 Na5 14. Qb4 c6 15. e4 Bg6 16. Nb3 Nxb3 17. Qxb3 b5 18. a4 Qd7 19. Ba3 Rfb8 20. Bc5 Rb7 21. axb5 cxb5 22. c4 bxc4 23. Qxc4 Qb5 24. Qxb5 Rxb5 25. Bf1 Rb2 26. e5 Ne4 27. Bg2 Rab8 28. Bxe4 Bxe4 29. Rxe4 g5 30. Ree1 Kh7 31. Rxa6 Kg6 32. g4 h5 33. h3 R8b3 34. Kg2 Rd3 35. Rf1 h4 36. Ra3 Rdd2 37. Rf3 1-0

[Event "Budapest FS11 FM-B"]
[Site "Budapest"]
[Date "2015.11.09"]
[Round "3"]
[White "Birovecz, Ben Jordan"]
[Black "Nemeth, Otto"]
[Result "0-1"]
[WhiteElo "1601"]
[BlackElo "1693"]
[PlyCount "158"]
[EventDate "2015.11.07"]
[EventType "tourn"]
[EventRounds "9"]
[EventCountry "HUN"]
[SourceTitle "EXT 2017"]
[Source "ChessBase"]
[SourceDate "2016.10.25"]
[SourceVersion "1"]
[SourceVersionDate "2016.10.25"]
[SourceQuality "1"]

1. e4 e5 2. Nf3 d6 3. d4 exd4 4. Nxd4 Bd7 5. Nc3 a6 6. Be3 Nf6 7. f3 Be7 8. Bc4 0-0 9. Qd2 b5 10. Be2 Nc6 11. 0-0 Qc8 12. Kh1 Rd8 13. a3 Ne5 14. g4 g6 15. g5 Nh5 16. f4 Ng4 17. Bg1 c5 18. Nf3 Qb7 19. Nd5 Bf8 20. h3 Ng3+ 21. Kg2 Nxf1 22. Rxf1 Bg7 23. hxg4 Bxg4 24. c3 Rab8 25. Bh2 Qd7 26. Ng1 Re8 27. Qe3 Qe6 28. Bxg4 Qxg4+ 29. Bg3 Rbc8 30. Nf3 Qe6 31. Re1 a5 32. Qd2 h6 33. f5 gxf5 34. exf5 Qxf5 35. Ne7+ Rxe7 36. Rxe7 hxg5 37. Qxg5 Qxg5 38. Nxg5 Bf6 39. Rxf7 Bxg5 40. Rb7 b4 41. axb4 axb4 42. Bxd6 bxc3 43. bxc3 c4 44. Be5 Bd2 45. Rg7+ Kf8 46. Rh7 Rc6 47. Kf3 Re6 48. Ke4 Bxc3 49. Rh8+ Ke7 50. Rh7+ Kd8 51. Kd5 Rxe5+ 52. Kxc4 Re3 53. Rb7 Bf6 54. Kd5 Ke8 55. Rh7 Be7 56. Kc6 Rc3+ 57. Kd5 Kd7 58. Rh6 Rc5+ 59. Kd4 Ra5 60. Ke4 Bd6 61. Rh1 Kc6 62. Rc1+ Bc5 63. Rc4 Ra1 64. Kd3 Kd5 65. Rc3 Bd4 66. Rc8 Ra3+ 67. Ke2 Ke4 68. Re8+ Be5 69. Rd8 Re3+ 70. Kf2 Rh3 71. Rg8 Rh2+ 72. Rg2 Rh1 73. Rg4+ Bf4 74. Kg2 Rh2+ 75. Kg1 Rc2 76. Rg8 Kf3 77. Kh1 Rh2+ 78. Kg1 Rh5 79. Rf8 Rb5 0-1

[Event "Budapest FS11 FM-B"]
[Site "Budapest"]
[Date "2015.11.07"]
[Round "1"]
[White "Bacsi, Andras"]
[Black "Nemeth, Otto"]
[Result "1-0"]
[WhiteElo "1729"]
[BlackElo "1693"]
[PlyCount "59"]
[EventDate "2015.11.07"]
[EventType "tourn"]
[EventRounds "9"]
[EventCountry "HUN"]
[SourceTitle "EXT 2017"]
[Source "ChessBase"]
[SourceDate "2016.10.25"]
[SourceVersion "1"]
[SourceVersionDate "2016.10.25"]
[SourceQuality "1"]

1. e4 c5 2. Nf3 Nc6 3. d4 cxd4 4. Nxd4 Nxd4 5. Qxd4 d6 6. Be2 Bd7 7. 0-0 Bc6 8. c4 Nf6 9. Nc3 g6 10. Be3 Bg7 11. f3 0-0 12. Qd2 a6 13. Rfd1 Qc7 14. Rac1 Rad8 15. Bf1 Nd7 16. Qf2 h5 17. b4 b6 18. Nd5 Bxd5 19. cxd5 Qb7 20. a4 Rc8 21. Qe2 Nb8 22. g3 Kh7 23. Bh3 f5 24. exf5 gxf5 25. f4 Kg6 26. Rxc8 Rxc8 27. Bxf5+ Kxf5 28. Qxh5+ Ke4 29. Qg6+ Kxe3 30. Qd3# 1-0